Clic Quiz pour les Génies #11 - Statistiques

Statistiques générales
  • Ce quiz a été pris 33 fois
  • Le résultat moyen est 6 sur 20
Statistiques - réponses
Hint Explanation Réponse % Correct
--------?ORD-------
?UEST*****E?T
---------S?D--------
Les 4 lettres manquantes complètent les points cardinaux NOUS
70%
1 ????
3 PIEDS
36 POUCES
Le yard est l'étalon anglais officiel de mesure de longueur. Il est divisible en 3 pieds ou en 36 pouces YARD
70%
CORSE = ENQUETE
MALTAIS = FAUCON
SICILIENS = ????
Il s'agit de mots associés à des titres de films :
L'enquête corse
Le Faucon maltais
Le clan des siciliens
CLAN
52%
27 j 7 h 43.1 min = ???? Il s'agit de la Période de révolution de la Lune LUNE
44%
PARIS, JE T'AIME
OSLO, 31 AOUT
BAGDAD ????
Ce sont des noms de films sorti au cinéma :

BAGDAD CAFE
PARIS, JE T'AIME
OSLO, 31 AOUT
CAFE
41%

🛏️❌ = ????

Lino en Rébus LINO
41%
?
- E
----S
------C
--------?
----------?
------------?
--------------E
DESCENTE DENT
37%
-**IL -**IL
----N*Z----
--???CH?--
OEil OEil
nEz
BOUchE
BOUE
30%
VENGEANCE / JOUR / OEUF / PIED / PRINCIPAL / FAUX / ???? Mot code de la salle des trésors dans Fort Boyard PLAT
30%
????
-clou
-fond
-lait
-nerf
-pied
-sève
tire-clou
tire-fond
tire-lait
tire-nerf
tire-pied
tire-sève
TIRE
26%
???? BARREE = Morphnarchus princeps La Buse barrée (Morphnarchus princeps, anciennement Leucopternis princeps) est une espèce d'oiseaux de la famille des Accipitridae BUSE
19%
6 = PONT
19 = HOTEL
31 = PUITS
42 = LABYRINTHE
52 = PRISON
58 = ????
63 = JARDIN DE L'OIE
Les cases du jeu de l'oie MORT
19%
1 J s−1 = ???? Un watt vaut un joule par seconde WATT
19%
Jean-Baptiste ????
Jérémy PIED
Marco VELO
Mickaël GELABALE

Il s'agit d'aptonymes de sportif professionnel (patronyme ayant un sens lié à la personne qui le porte)

Jean-Baptiste GROS rugbyman professionnel .. qui plus est pilier
Jérémy PIED footballeur professionnel
Marco VELO cycliste professionnel
Mickaël GELABALE basketteur professionnel
GROS
15%
YEYE / YOYO / ???? Il s'agit de mots formés uniquement avec des voyelles OUIE
15%
DICO - CHOC - IDEE - ???? Si on coupe ces mots horizontalement à mi hauteur, la partie du haut est symétrique à la partie du bas BOXE
11%
DEBUT RETI
DEFENSE PIRC
ATTAQUE GRAND ????
Ce sont des ouvertures aux échecs PRIX
11%
65,409 ± 0,004 u = ???? Il s'agit de la Masse atomique du Zinc ZINC
11%
? /? /F
D/B/H
I/ ?/ ?

un carré de Sudoku avec des lettres (1 à 9 devient A à I) CAGE
7%
Complète le tableau final de cette compétition :

EVAN QUIRU bat MAEL IDENTIFIS
NILS ATIFE bat STEFAN ????IDI

EVAN QUIRU bat NILS ATIFE
ANAGRAMMES DE

VAINQUEUR
FINALISTE
ET DONC DEMI FINALISTE
MIEL
7%
Aucun quiz correspondant
Distribution des résultats
% des personnes avec chaque résultat
Percentile par nombre de réponses
Votre historique - résultats
Vous n’avez pas pris ce quiz